000 00738nam a22002055i 4500
001 166882
003 ES-MaACL
005 20250809062541.0
008 050920s1880 it | |||||||| ||ita d
040 _aCAM
_bspa
_cCAM
100 1 _aValente, Vincenzo.
_9133501
245 1 0 _aTeorica della giustizia e del diritto ossia Il fondamento dela dottrina della legislazione riscontrato con i principii del giure greco-latino /
_cdi Vicenzo Valente.
260 _aTrani :
_b[s.n.],
_c1880 (
_fTipografia Giuliani)
300 _av. ;
_c18 cm.
597 _aT.I (X, 839 p.)
650 7 _aDerecho
_2embne
_911602
752 _aItalia -
_dTrani
852 _aES-MaACL
_jG-8211
_z-- Enc. pasta española
_q-- Sólo t.I
999 _c166882
_d166882